Funkcionální analýza Nelineární úlohy

Guardado en:
Detalles Bibliográficos
Autor principal: Stará, Jana
Autor Corporativo: Univerzita Karlova v Praze
Otros Autores: John, Oldřich
Formato: Libro
Lenguaje:checo
Publicado: Praha Státní pedagogické nakladatelství 1986
Edición:1. vyd.
Etiquetas: Agregar Etiqueta
Sin Etiquetas, Sea el primero en etiquetar este registro!

MARC

LEADER 00000nam a2200000 4500
001 c028408
005 20221220071532.2
041 0 |a cze 
044 |a CZ 
245 1 0 |a Funkcionální analýza  |b Nelineární úlohy  |c Jana Stará, Oldřich John 
250 |a 1. vyd. 
264 1 |a Praha  |b Státní pedagogické nakladatelství  |c 1986 
300 |a 215 s. 
100 1 |a Stará, Jana 
700 1 |a John, Oldřich 
710 2 |a Univerzita Karlova v Praze